000 00589nam a2200181Ia 4500
008 100921s9999 xx 000 0 und d
082 _b5550
_a891.463 0
100 _aखांडेकर वि.स.
245 _aदोन ध्रुव.
260 _bदामोदर शिवराम आणि मंडळी,मुंबई.
_c0
300 _a263
_b---
365 _b4
520 _aललित-कादंबरी.
630 _aदोन ध्रुव.
650 _aललित-कादंबरी.
730 _aदोन ध्रुव.
942 _cBOOK
999 _c754663
_d754660